[Event "Dortmund Sparkassen op-B"]
[Site "Dortmund"]
[Date "2012.07.19"]
[Round "6"]
[White "Wichtrup, Jan Louis"]
[Black "Sadeghi, Panah Mishan"]
[Result "1-0"]
[WhiteElo "1551"]
[BlackElo "1333"]
[PlyCount "113"]
[EventDate "2012.07.14"]
[EventType "swiss"]
[EventRounds "9"]
[EventCountry "GER"]
[SourceTitle "EXT 2014"]
[Source "ChessBase"]
[SourceDate "2013.11.20"]
[SourceVersion "1"]
[SourceVersionDate "2013.11.20"]
[SourceQuality "1"]

1. d4 d5 2. c4 e6 3. Nc3 g6 4. Nf3 Nf6 5. Bf4 a6 6. cxd5 exd5 7. Rc1 Bg7 8. e3 0-0 9. Bd3 c6 10. Qc2 Bg4 11. Ne5 Nbd7 12. Nxg4 Nxg4 13. h3 Ngf6 14. 0-0 Re8 15. b4 Bf8 16. Rb1 Rc8 17. a4 b5 18. Qb2 Re6 19. Rfc1 Nb6 20. axb5 cxb5 21. Ra1 Nc4 22. Bxc4 Rxc4 23. Na2 Rec6 24. Rxc4 Rxc4 25. Rc1 Qc8 26. Rxc4 dxc4 27. Be5 Qc6 28. f3 Nd7 29. Bg3 Nb6 30. Nc3 Nd5 31. Nxd5 Qxd5 32. e4 Qc6 33. Be1 Bg7 34. Bc3 Qf6 35. Qd2 Qh4 36. Qf2 Qxf2+ 37. Kxf2 Kf8 38. f4 f5 39. e5 Ke7 40. d5 h6 41. h4 Bf8 42. Kf3 Kd7 43. g4 Be7 44. h5 fxg4+ 45. Kxg4 g5 46. f5 a5 47. bxa5 b4 48. Bd4 c3 49. a6 c2 50. Bb2 Bc5 51. f6 Bd4 52. Bc1 b3 53. a7 b2 54. e6+ Kd6 55. f7 bxc1Q 56. f8Q+ Kc7 57. Qb8# 1-0

[Event "Dortmund Sparkassen op-B"]
[Site "Dortmund"]
[Date "2012.07.17"]
[Round "4"]
[White "Bakshi, Raj"]
[Black "Sadeghi, Panah Mishan"]
[Result "0-1"]
[WhiteElo "1589"]
[BlackElo "1333"]
[PlyCount "70"]
[EventDate "2012.07.14"]
[EventType "swiss"]
[EventRounds "9"]
[EventCountry "GER"]
[SourceTitle "EXT 2014"]
[Source "ChessBase"]
[SourceDate "2013.11.20"]
[SourceVersion "1"]
[SourceVersionDate "2013.11.20"]
[SourceQuality "1"]

1. Nf3 d5 2. c4 c6 3. e3 Nf6 4. d4 g6 5. Nc3 Bg4 6. Be2 Bg7 7. 0-0 0-0 8. Bd2 e6 9. Ne5 Bxe2 10. Qxe2 Nbd7 11. cxd5 exd5 12. f4 Rc8 13. g4 Ne4 14. Nxe4 dxe4 15. Nc4 Qe7 16. a3 c5 17. Bc3 b5 18. Ne5 cxd4 19. exd4 f6 20. Bb4 Qe6 21. Nxd7 Qxd7 22. Bxf8 Qxd4+ 23. Qf2 e3 24. Qe2 Kxf8 25. Rad1 Qe4 26. Rf3 Re8 27. Kg2 f5 28. g5 a6 29. Kg3 Bd4 30. b4 Rc8 31. Rxd4 Qxd4 32. Rxe3 Rc3 33. Kf3 Qe4+ 34. Kf2 Qxf4+ 35. Ke1 Rxe3 0-1

[Event "Dortmund Sparkassen op-B"]
[Site "Dortmund"]
[Date "2012.07.14"]
[Round "1"]
[White "Sadeghi, Panah Mishan"]
[Black "Maj, Kornel"]
[Result "0-1"]
[WhiteElo "1333"]
[BlackElo "1718"]
[PlyCount "86"]
[EventDate "2012.07.14"]
[EventType "swiss"]
[EventRounds "9"]
[EventCountry "GER"]
[SourceTitle "EXT 2014"]
[Source "ChessBase"]
[SourceDate "2013.11.20"]
[SourceVersion "1"]
[SourceVersionDate "2013.11.20"]
[SourceQuality "1"]

1. d4 Nf6 2. Nf3 g6 3. g3 Bg7 4. Bg2 0-0 5. 0-0 d6 6. Nbd2 Na6 7. c4 c5 8. e3 Rb8 9. a3 Bf5 10. b3 Qc8 11. Bb2 Bh3 12. Re1 Bxg2 13. Kxg2 b6 14. Qc2 Qb7 15. d5 b5 16. Bc3 e5 17. a4 b4 18. Bb2 Qe7 19. Nh4 Rbe8 20. Kg1 Nd7 21. e4 Nc7 22. Rf1 Bh6 23. Bc1 Bg5 24. Ndf3 Bxc1 25. Raxc1 Rd8 26. Nd2 Ne8 27. f4 exf4 28. Rxf4 Ng7 29. Rf3 Ne5 30. Rf2 Nh5 31. Rcf1 Ng4 32. Re2 Nhf6 33. Qd3 Ne5 34. Qc2 Nfg4 35. h3 Nf6 36. Ref2 Nh5 37. Kg2 Qg5 38. g4 Nxg4 39. hxg4 Qxg4+ 40. Kh2 Qxh4+ 41. Kg2 Rde8 42. Qd3 Re5 43. Nf3 Nf4+ 0-1